Adivina las banderas de los municipios de Córdoba - Estadísticas

Estadísticas generales
  • Esta prueba ha sido intentada 56 veces
    46 desde el último reinicio
  • La puntuación promedio es 16 de 79
Estadísticas de respuestas
Imagen Respuesta % Correcto
Córdoba
89%
La Carlota
84%
Cabra
74%
Dos Torres
74%
Aguilar de la Frontera
63%
Lucena
63%
Villa del Río
63%
Fuente-Tójar
53%
Fernán Núñez
47%
Palma del Río
42%
Pozoblanco
42%
Hinojosa del Duque
37%
Montoro
37%
Villaralto
37%
Baena
32%
El Viso
32%
Montemayor
32%
Moriles
32%
Puente Genil
32%
Belmez
26%
Castro del Río
26%
Fuente la Lancha
26%
Fuente Palmera
26%
Montalbán de Córdoba
26%
San Sebastián de los Ballesteros
26%
Villafranca de Córdoba
26%
Cardeña
21%
Espiel
21%
La Guijarrosa
21%
Montilla
21%
Palenciana
21%
Rute
21%
Benamejí
16%
Bujalance
16%
El Carpio
16%
Fuente Obejuna
16%
Iznájar
16%
Peñarroya-Pueblonuevo
16%
Valsequillo
16%
Villanueva del Duque
16%
Zuheros
16%
Alcaracejos
11%
Almedinilla
11%
Castil de Campos
11%
Fuente Carreteros
11%
Hornachuelos
11%
La Rambla
11%
La Victoria
11%
Luque
11%
Posadas
11%
Santaella
11%
Santa Eufemia
11%
Villanueva del Rey
11%
Adamuz
5%
Almodóvar del Río
5%
Añora
5%
Cañete de las Torres
5%
Conquista
5%
Encinarejo
5%
Encinas Reales
5%
Guadalcázar
5%
La Granjuela
5%
Nueva Carteya
5%
Obejo
5%
Pedro Abad
5%
Pedroche
5%
Priego de Córdoba
5%
Torrecampo
5%
Valenzuela
5%
Villanueva de Córdoba
5%
Belalcázar
0%
Carcabuey
0%
Doña Mencía
0%
El Guijo
0%
Espejo
0%
Los Blázquez
0%
Monturque
0%
Villaharta
0%
Villaviciosa de Córdoba
0%
No se encontraron pruebas coincidentes
Distribución de puntuación
Porcentaje de gente con cada puntuación
Porcentaje por número respondido
Historial de tus puntuaciones
No has intentado esta prueba desde el último reinicio